|
|
|
|
| LEADER |
01134cam a2200325Ia 4500 |
| 001 |
9780203425992 |
| 003 |
FlBoTFG |
| 005 |
20091230162920.0 |
| 006 |
a|||||s||||||||||| |
| 007 |
cr|||| |
| 008 |
020813s2002 enk sbd 000 0ceng d |
| 020 |
|
|
|a 9780203425992 (e-book : PDF)
|
| 040 |
|
|
|a FlBoTFG
|c FlBoTFG
|d GrThAP
|
| 043 |
|
|
|a e------
|a ff-----
|a aw-----
|
| 090 |
|
|
|a DG203
|b .H35 2002
|
| 092 |
|
|
|a 920.037
|b H429
|
| 100 |
1 |
|
|a Hazel, John.
|
| 245 |
1 |
0 |
|a Who's who in the Roman world
|h [electronic resource] /
|c John Hazel.
|
| 260 |
|
|
|a London ;
|a New York :
|b Routledge,
|c c2002.
|
| 300 |
|
|
|a xii, 367 p.
|
| 504 |
|
|
|a Includes bibliographical references.
|
| 530 |
|
|
|a Also available in print edition.
|b CRC Press (http://www.crcpress.com)
|
| 538 |
|
|
|a Mode of access: World Wide Web.
|
| 650 |
|
0 |
|a Classical biography
|v Dictionaries.
|
| 651 |
|
0 |
|a Rome
|v Biography
|v Dictionaries.
|
| 651 |
|
0 |
|a Rome
|x History
|v Dictionaries.
|
| 651 |
|
0 |
|a Mediterranean Region
|x History
|y To 476.
|
| 655 |
|
7 |
|a Electronic books.
|2 lcsh
|
| 776 |
1 |
|
|z 9780415224109
|
| 856 |
4 |
0 |
|u http://www.tandfebooks.com/isbn/9780203425992
|z Full Text via HEAL-Link
|